000 00924cam a22002771 4500
001 5047
003 BD-RjUL
005 20211208234011.0
008 131224s1967 enka b 001 0 eng d
035 _a(BD-RjUL)5083
035 _a(OCoLC)230065
040 _aDLC
_cODaWU
_dOCoLC
_dUk
_dDLC
_dBD-RjUL
_beng
041 _aeng
082 _a658.0094
_bHAE 1967
100 1 _aHaas, Hans van der.
_915894
245 1 4 _aThe enterprise in transition:
_ban analysis of European and American practice /
_c H. van der Haas.
260 _aLondon,
_aNew York [etc.]
_bTavistock Publications,
_cc1967.
300 _axxix, 408 p. :
_btables, diagrs.:
_c22 cm.
504 _aBibliography: p. 377-390.
650 0 _aIndustrial management
_zEurope.
_915895
650 0 _aIndustrial management
_zUnited States.
_99586
650 0 _aCorporations, American
_zEurope.
_915896
942 _2ddc
_cBK
999 _c5047
_d5047